What BIM is and how it is being used (Record no. 111613)
[ view plain ]
| 000 -LEADER | |
|---|---|
| fixed length control field | 00952cad a22002415a 4500 |
| 001 - CONTROL NUMBER | |
| control field | L151774 |
| 008 - FIXED-LENGTH DATA ELEMENTS--GENERAL INFORMATION | |
| fixed length control field | 101209s2010 xxk f 000 0 eng d |
| 035 ## - SYSTEM CONTROL NUMBER | |
| System control number | (Sirsi) u151774 |
| 041 0# - LANGUAGE CODE | |
| Language code of text/sound track or separate title | eng |
| 050 04 - LIBRARY OF CONGRESS CALL NUMBER | |
| Classification number | 690.0285 $2 18 |
| 100 1# - MAIN ENTRY--PERSONAL NAME | |
| Personal name | Hamil, Stephen |
| 245 00 - TITLE STATEMENT | |
| Title | What BIM is and how it is being used |
| Medium | [electronic resource] |
| 260 ## - PUBLICATION, DISTRIBUTION, ETC. | |
| Place of publication, distribution, etc. | [S.l.] |
| Name of publisher, distributor, etc. | NBS |
| Date of publication, distribution, etc. | 2010 |
| 520 ## - SUMMARY, ETC. | |
| Summary, etc. | Results of the NBS 2010 BIM survey; conducted by the National Building Specification into the use of Business Information Modelling by questioning over 6 500 construction professionals in the UK including surveyors. |
| 590 ## - LOCAL NOTE (RLIN) | |
| Local note | KA NTK |
| 650 24 - SUBJECT ADDED ENTRY--TOPICAL TERM | |
| Topical term or geographic name entry element | BUILDING INFORMATION MODELLING |
| 650 24 - SUBJECT ADDED ENTRY--TOPICAL TERM | |
| Topical term or geographic name entry element | BIM |
| 9 (RLIN) | 6219 |
| 651 #4 - SUBJECT ADDED ENTRY--GEOGRAPHIC NAME | |
| Geographic name | United Kingdom |
| Chronological subdivision | |
| 690 ## - LOCAL SUBJECT ADDED ENTRY--TOPICAL TERM (OCLC, RLIN) | |
| Topical term or geographic name as entry element | BIM |
| 9 (RLIN) | 6219 |
| 710 1# - ADDED ENTRY--CORPORATE NAME | |
| Corporate name or jurisdiction name as entry element | Royal Institute of British Architects |
| 9 (RLIN) | 2527 |
| 856 40 - ELECTRONIC LOCATION AND ACCESS | |
| Uniform Resource Identifier | <a href="https://www.thenbs.com/pdfs/What_BIM_is_and_how_it_is_being_used.pdf">https://www.thenbs.com/pdfs/What_BIM_is_and_how_it_is_being_used.pdf</a> |
| Public note | View the item free of charge at www.thenbs.com |
| 942 ## - ADDED ENTRY ELEMENTS (KOHA) | |
| Suppress in OPAC | 0 |
| Withdrawn status | Lost status | Source of classification or shelving scheme | Damaged status | Not for loan | Home library | Current library | Shelving location | Date acquired | Total Checkouts | Full call number | Barcode | Date last seen | Copy number | Price effective from | Koha item type |
|---|---|---|---|---|---|---|---|---|---|---|---|---|---|---|---|
| Dewey Decimal Classification | Virtual | Virtual | Online | 09/12/2010 | ONLINE PUBLICATION | 151774-1001 | 06/08/2019 | 1 | 06/08/2019 | Book |